[Event "San Fernando ChessWork"]
[Site "San Fernando"]
[Date "2024.01.20"]
[Round "2"]
[White "Johnson, Joshua"]
[Black "Mc Intosh, Isaiah"]
[Result "1-0"]
[WhiteElo "2293"]
[BlackElo "2262"]
[PlyCount "61"]
[EventDate "2024.01.20"]
[EventType "tourn"]
[EventRounds "7"]
[EventCountry "TRI"]
[SourceTitle "CB05_2024"]
[SourceDate "2024.01.31"]
[SourceVersion "1"]
[SourceVersionDate "2024.01.31"]
[SourceQuality "1"]

1. e4 e5 2. Nf3 Nc6 3. Bc4 Bc5 4. c3 Nf6 5. d4 exd4 6. e5 d5 7. Bb5 Ne4 8. cxd4 Bb6 9. Nc3 0-0 10. Be3 f5 11. exf6 Nxf6 12. Bxc6 bxc6 13. Ne5 Qe8 14. 0-0 c5 15. dxc5 Qxe5 16. Bd4 Qf5 17. cxb6 axb6 18. Bxf6 Qxf6 19. Qxd5+ Be6 20. Qc6 Qf7 21. f3 Bxa2 22. Rfc1 Ra5 23. b4 Bd5 24. Nxd5 Rxd5 25. Ra7 Rfd8 26. Rxc7 Qe8 27. Qxe8+ Rxe8 28. Rb7 Rd6 29. b5 Rd2 30. h4 h6 31. Rcc7 1-0

[Event "Olympiad-44"]
[Site "Chennai"]
[Date "2022.08.05"]
[Round "7.2"]
[White "Mc Intosh, Isaiah"]
[Black "Ashiku, Franc"]
[Result "1-0"]
[WhiteElo "2215"]
[BlackElo "2422"]
[PlyCount "77"]
[EventDate "2022.07.29"]
[EventType "team-swiss"]
[EventRounds "11"]
[EventCountry "IND"]
[SourceTitle "CBM 210"]
[Source "ChessBase"]
[SourceDate "2022.10.31"]
[SourceVersion "1"]
[SourceVersionDate "2022.10.31"]
[SourceQuality "1"]
[WhiteTeam "Trinidad and Tobago"]
[BlackTeam "Albania"]
[WhiteTeamCountry "TRI"]
[BlackTeamCountry "ALB"]

1. d4 Nf6 2. c4 g6 3. Nc3 Bg7 4. e4 d6 5. Be2 Na6 6. Be3 0-0 7. h3 e5 8. d5 Nc5 9. Bf3 a5 10. g4 Ne8 11. g5 f5 12. h4 Bd7 13. Qc2 a4 14. 0-0-0 f4 15. Bxc5 dxc5 16. Be2 Nd6 17. f3 Qb8 18. Nb5 Ra5 19. Nh3 Rf7 20. Nf2 b6 21. Bf1 a3 22. b3 Bxb5 23. cxb5 Nxb5 24. Bxb5 Rxb5 25. Nd3 Qe8 26. h5 Rd7 27. Rh4 Kf7 28. hxg6+ hxg6 29. Qc4 Rd6 30. Rh7 Ra5 31. Qc3 Qg8 32. Rdh1 Ke8 33. Nxf4 c4 34. b4 Ra4 35. Ne6 Rxe6 36. dxe6 Qf8 37. Qd2 Qe7 38. Rxg7 Qxg7 39. Rh8+ 1-0

[Event "Olympiad-44"]
[Site "Chennai"]
[Date "2022.08.03"]
[Round "6.3"]
[White "Mc Intosh, Isaiah"]
[Black "Hsu, Hsuan Ming"]
[Result "1/2-1/2"]
[WhiteElo "2215"]
[BlackElo "1900"]
[PlyCount "64"]
[EventDate "2022.07.29"]
[EventType "team-swiss"]
[EventRounds "11"]
[EventCountry "IND"]
[SourceTitle "CBM 210"]
[Source "ChessBase"]
[SourceDate "2022.10.31"]
[SourceVersion "1"]
[SourceVersionDate "2022.10.31"]
[SourceQuality "1"]
[WhiteTeam "Trinidad and Tobago"]
[BlackTeam "Chinese Taipei"]
[WhiteTeamCountry "TRI"]
[BlackTeamCountry "TPE"]

1. d4 Nf6 2. c4 g6 3. Nc3 Bg7 4. e4 d6 5. Be2 0-0 6. Be3 e5 7. d5 Na6 8. g4 Nc5 9. f3 a5 10. h4 h5 11. g5 Ne8 12. Qd2 Bd7 13. Nh3 Qe7 14. Nf2 Kh7 15. 0-0-0 f5 16. gxf6 Nxf6 17. Nh3 Bxh3 18. Rxh3 Ng8 19. Rg1 Bh6 20. Rhg3 Rf6 21. Nd1 Qg7 22. Kb1 Bxe3 23. Nxe3 Qh6 24. Rg5 Ne7 25. R1g3 b6 26. Bf1 Raf8 27. Qg2 R8f7 28. Be2 Rf4 29. Qh1 R4f6 30. Kc2 Qf8 31. Nd1 Rf4 32. Nf2 R7f6 1/2-1/2

[Event "Olympiad-44"]
[Site "Chennai"]
[Date "2022.07.30"]
[Round "2.3"]
[White "Bilguun, Sumiya"]
[Black "Mc Intosh, Isaiah"]
[Result "1/2-1/2"]
[WhiteElo "2463"]
[BlackElo "2215"]
[PlyCount "97"]
[EventDate "2022.07.29"]
[EventType "team-swiss"]
[EventRounds "11"]
[EventCountry "IND"]
[SourceTitle "CBM 210"]
[Source "ChessBase"]
[SourceDate "2022.10.31"]
[SourceVersion "1"]
[SourceVersionDate "2022.10.31"]
[SourceQuality "1"]
[WhiteTeam "Mongolia"]
[BlackTeam "Trinidad and Tobago"]
[WhiteTeamCountry "MGL"]
[BlackTeamCountry "TRI"]

1. e4 e5 2. Nf3 Nc6 3. d4 exd4 4. Nxd4 Bc5 5. Nb3 Bb6 6. Nc3 Nf6 7. Qe2 d6 8. Be3 Be6 9. 0-0-0 Qe7 10. Kb1 Bxe3 11. Qxe3 0-0 12. f3 Rad8 13. Nd4 Nxd4 14. Rxd4 Rfe8 15. Qc1 c6 16. g4 d5 17. g5 Nd7 18. exd5 Nb6 19. Re4 Nxd5 20. Nxd5 Rxd5 21. h4 Rdd8 22. Bd3 Qd7 23. Rhe1 Bd5 24. R4e3 c5 25. b3 g6 26. h5 Re6 27. hxg6 hxg6 28. Rh1 Rxe3 29. Qxe3 Qd6 30. Qf2 b6 31. Qe3 Bc6 32. Be4 Qe5 33. Qe2 Bxe4 34. fxe4 Rd4 35. Re1 Qxg5 36. e5 Qd2 37. Qf1 Rf4 38. Qh1 Rf2 39. Qe4 Kg7 40. e6 fxe6 41. Qe5+ Kf8 42. Qe4 Kg7 43. Rg1 Rf6 44. Qa8 Qd7 45. Rh1 Rf8 46. Qg2 Rf5 47. Qa8 Rf8 48. Qe4 Rf5 49. Qa8 1/2-1/2

[Event "Trinidad & Tobago Masters"]
[Site "Port of Spain"]
[Date "2022.07.05"]
[Round "7"]
[White "Mc Intosh, Isaiah"]
[Black "Cupid, Kevin"]
[Result "1/2-1/2"]
[WhiteElo "2215"]
[BlackElo "2131"]
[PlyCount "118"]
[EventDate "2022.07.02"]
[EventType "tourn"]
[EventRounds "9"]
[EventCountry "TRI"]
[EventCategory "1"]
[SourceTitle "CBM 209 Extra"]
[Source "ChessBase"]
[SourceDate "2022.09.30"]
[SourceVersion "1"]
[SourceVersionDate "2022.09.30"]
[SourceQuality "1"]

1. e4 c6 2. d4 d5 3. e5 Bf5 4. Nd2 e6 5. Nb3 Nd7 6. Nf3 Bg4 7. Be2 Ne7 8. 0-0 a5 9. a4 c5 10. Nxc5 Nxc5 11. dxc5 Nc6 12. Be3 Bxf3 13. Bxf3 Nxe5 14. Bd4 Nxf3+ 15. Qxf3 Qc7 16. Rfe1 Bxc5 17. Bxg7 Rg8 18. Bf6 Rg6 19. Rad1 Qb6 20. Bh4 Kf8 21. c4 d4 22. Re5 Rc8 23. b3 Qc6 24. Qxc6 Rxc6 25. Bg3 Kg7 26. Re4 f6 27. Kf1 h5 28. Rd3 Rg4 29. Re2 Kf7 30. h3 Rg8 31. f4 Rb6 32. Be1 Ra8 33. Re4 Rd6 34. Ke2 f5 35. Re5 b6 36. Kf3 Rd7 37. Bf2 Rd6 38. g4 hxg4+ 39. hxg4 fxg4+ 40. Kxg4 Rh8 41. Be1 Rdd8 42. Bf2 Rh2 43. Kf3 Rdh8 44. Rg5 Kf6 45. Bxd4+ Bxd4 46. Rxd4 R8h3+ 47. Rg3 Rxg3+ 48. Kxg3 Rb2 49. Rd3 Kf5 50. Re3 Kf6 51. Kf3 Rd2 52. Ke4 Rd1 53. Rh3 Re1+ 54. Kd3 Kf5 55. Re3 Rd1+ 56. Ke2 Rb1 57. Kf3 Rf1+ 58. Kg3 Rg1+ 59. Kf2 Rb1 1/2-1/2

[Event "Online Olym Div4 E"]
[Site "Chess.com INT"]
[Date "2020.07.31"]
[Round "1.4"]
[White "Mc Intosh, Isaiah"]
[Black "Alegre, Fabio Costa"]
[Result "1-0"]
[WhiteElo "2232"]
[BlackElo "1576"]
[PlyCount "83"]
[EventDate "2020.07.31"]
[EventType "team-tourn (rapid)"]
[EventRounds "9"]
[EventCountry "USA"]
[SourceTitle "CBM 198"]
[Source "ChessBase"]
[SourceDate "2020.10.31"]
[SourceVersion "1"]
[SourceVersionDate "2020.10.31"]
[SourceQuality "1"]
[WhiteTeam "Trinidad and Tobago"]
[BlackTeam "Sao Tome and Principe"]
[WhiteTeamCountry "TRI"]
[BlackTeamCountry "SAO"]

1. e4 c5 2. Nf3 d6 3. d4 cxd4 4. Nxd4 Nf6 5. Nc3 a6 6. f3 g6 7. Be3 Bg7 8. Qd2 b5 9. a4 bxa4 10. Nxa4 0-0 11. Be2 Bb7 12. c4 Nbd7 13. 0-0 Qc7 14. Rfc1 Rfc8 15. b4 h5 16. Ra2 Bf8 17. Nb3 Rab8 18. b5 e6 19. Na5 Nc5 20. Nxc5 dxc5 21. Nxb7 Qxb7 22. Rxa6 Rd8 23. Qe1 Ra8 24. Bg5 Be7 25. Qh4 Rxa6 26. bxa6 Qb2 27. Bf1 Ra8 28. Re1 Qd4+ 29. Kh1 Rxa6 30. e5 Qxh4 31. Bxh4 Nd5 32. cxd5 Bxh4 33. g3 Bd8 34. Bxa6 exd5 35. Bb7 d4 36. Ba6 Ba5 37. Rb1 Bb4 38. Bc4 Kf8 39. Ra1 d3 40. Bxd3 c4 41. Bxc4 f5 42. exf6 1-0

[Event "Central America Carribean-ch U20"]
[Site "Couva"]
[Date "2019.12.15"]
[Round "4"]
[White "Johnson, Joshua"]
[Black "Mc Intosh, Isaiah"]
[Result "1-0"]
[WhiteElo "2149"]
[BlackElo "2246"]
[PlyCount "125"]
[EventDate "2019.12.13"]
[EventType "swiss"]
[EventRounds "9"]
[EventCountry "TRI"]
[SourceTitle "CBM 193 Extra"]
[Source "ChessBase"]
[SourceDate "2020.01.31"]
[SourceVersion "1"]
[SourceVersionDate "2020.01.31"]
[SourceQuality "1"]

1. e4 c5 2. Nf3 d6 3. d4 cxd4 4. Nxd4 Nf6 5. Nc3 a6 6. h3 e6 7. g4 Be7 8. g5 Nfd7 9. h4 Nc6 10. Be3 0-0 11. Qd2 Nxd4 12. Qxd4 b5 13. Bg2 Rb8 14. Ne2 Bb7 15. 0-0-0 Qa5 16. Kb1 Rfc8 17. b3 b4 18. Bc1 Rc7 19. Bb2 e5 20. Qd2 Rbc8 21. Rc1 Qb6 22. Ng3 a5 23. Bh3 Ra8 24. Bxd7 Rxd7 25. Bxe5 a4 26. f3 Qa5 27. Bd4 d5 28. e5 Bc5 29. Rh2 Ba6 30. Nh5 Rda7 31. Qe3 Bxd4 32. Qxd4 Bc8 33. Ng3 Rc7 34. Rd1 Ra6 35. Rhd2 Bb7 36. Nf5 axb3 37. cxb3 Qa3 38. Qb2 Qa5 39. Rc1 Rc3 40. Rdc2 d4 41. Nxd4 g6 42. e6 fxe6 43. Rxc3 bxc3 44. Rxc3 e5 45. Nc2 Rd6 46. a3 Rd2 47. Re3 Qc7 48. Qc3 Qxc3 49. Rxc3 Rf2 50. Ne1 Rf1 51. Re3 Kf7 52. Kb2 Rf2+ 53. Kc3 Ke6 54. a4 Kf5 55. b4 Kf4 56. Rxe5 Kxe5 57. Nd3+ Kf5 58. Nxf2 Bxf3 59. b5 Kf4 60. a5 Be2 61. b6 Ba6 62. Nd3+ Kg4 63. Nc5 1-0

[Event "Central America Carribean-ch U20"]
[Site "Couva"]
[Date "2019.12.14"]
[Round "3"]
[White "Mc Intosh, Isaiah"]
[Black "Miller, Rachel"]
[Result "1-0"]
[WhiteElo "2246"]
[BlackElo "1961"]
[PlyCount "89"]
[EventDate "2019.12.13"]
[EventType "swiss"]
[EventRounds "9"]
[EventCountry "TRI"]
[SourceTitle "CBM 193 Extra"]
[Source "ChessBase"]
[SourceDate "2020.01.31"]
[SourceVersion "1"]
[SourceVersionDate "2020.01.31"]
[SourceQuality "1"]

1. e4 e5 2. Nf3 Nc6 3. Bb5 a6 4. Ba4 Nf6 5. 0-0 b5 6. Bb3 Be7 7. Re1 0-0 8. h3 d6 9. c3 Na5 10. Bc2 c5 11. d4 Qc7 12. d5 Bd7 13. b3 g6 14. Bh6 Rfb8 15. Nbd2 Nb7 16. c4 b4 17. a3 a5 18. a4 Nh5 19. Nf1 Nd8 20. Qd2 f6 21. g4 Ng7 22. Ng3 Nf7 23. Be3 Qc8 24. Kh2 Kf8 25. Rg1 Ke8 26. Ne1 Kd8 27. Ng2 Kc7 28. f4 exf4 29. Nxf4 Ne5 30. Raf1 Qb7 31. Bd1 Rg8 32. Nd3 Nf7 33. e5 Nxe5 34. Nxe5 dxe5 35. Ne4 Ne8 36. Bxc5 Bxc5 37. Nxc5 Qb6 38. Ne4 f5 39. c5 Qa7 40. gxf5 Bxf5 41. Rxf5 gxf5 42. Rxg8 fxe4 43. Qe3 Kd8 44. Bh5 Kd7 45. Bxe8+ 1-0

[Event "TTO-ch"]
[Site "Port of Spain"]
[Date "2019.09.14"]
[Round "7"]
[White "Johnson, Joshua"]
[Black "Mc Intosh, Isaiah"]
[Result "0-1"]
[WhiteElo "2241"]
[BlackElo "2257"]
[PlyCount "62"]
[EventDate "2019.08.31"]
[EventType "tourn"]
[EventRounds "11"]
[EventCountry "TRI"]
[SourceTitle "EXT 2020"]
[Source "ChessBase"]
[SourceDate "2019.10.17"]
[SourceVersion "1"]
[SourceVersionDate "2019.10.17"]
[SourceQuality "1"]

1. e4 c5 2. Nf3 d6 3. d4 cxd4 4. Nxd4 Nf6 5. Nc3 a6 6. h4 Nc6 7. h5 Nxd4 8. Qxd4 h6 9. Bc4 e6 10. a4 Bd7 11. a5 Rc8 12. Be3 Be7 13. Bb3 Rc5 14. Qb4 Qc7 15. Bxc5 dxc5 16. Qc4 0-0 17. Qe2 Bd6 18. 0-0 Bh2+ 19. Kh1 Be5 20. Nd1 Bc6 21. c3 Nxe4 22. Qg4 Nd2 23. Re1 Nxb3 24. Ra3 c4 25. Ne3 Bd5 26. Rd1 Rd8 27. f3 Nc5 28. Kg1 Nd3 29. Kf1 Qc5 30. Ke2 f5 31. Qg6 Nf4+ 0-1

[Event "TTO-ch"]
[Site "Port of Spain"]
[Date "2019.09.07"]
[Round "4"]
[White "Mc Intosh, Isaiah"]
[Black "Soondarsingh, Dev"]
[Result "1/2-1/2"]
[WhiteElo "2257"]
[BlackElo "2030"]
[PlyCount "82"]
[EventDate "2019.08.31"]
[EventType "tourn"]
[EventRounds "11"]
[EventCountry "TRI"]
[SourceTitle "EXT 2020"]
[Source "ChessBase"]
[SourceDate "2019.10.17"]
[SourceVersion "1"]
[SourceVersionDate "2019.10.17"]
[SourceQuality "1"]

1. e4 c5 2. Nf3 d6 3. d4 cxd4 4. Nxd4 Nf6 5. Nc3 a6 6. Bg5 e6 7. f4 h6 8. Bh4 Qb6 9. Qd3 Nc6 10. 0-0-0 Qxd4 11. Qxd4 Nxd4 12. Rxd4 Be7 13. Bxf6 gxf6 14. f5 Bd7 15. g3 Rc8 16. Bh3 h5 17. Rd2 h4 18. g4 Rg8 19. Kb1 Rc5 20. Rhd1 Kd8 21. Rd4 Kc7 22. R1d3 Kb8 23. Rf3 Ka7 24. a4 Rc7 25. b3 Rc5 26. Kb2 Rc6 27. Nd1 Bd8 28. Rd2 Be7 29. Nf2 Rc5 30. Nd3 Rc7 31. Nf4 Rc5 32. Re2 exf5 33. exf5 Re5 34. Rfe3 Bc6 35. Nd3 Rxe3 36. Rxe3 Bd8 37. Nb4 Kb6 38. Kc3 Kc7 39. a5 Kd7 40. Nxc6 bxc6 41. Kb4 d5 1/2-1/2

[Event "TTO-ch"]
[Site "Port of Spain"]
[Date "2019.09.01"]
[Round "3"]
[White "Cupid, Kevin"]
[Black "Mc Intosh, Isaiah"]
[Result "1/2-1/2"]
[WhiteElo "2099"]
[BlackElo "2257"]
[PlyCount "52"]
[EventDate "2019.08.31"]
[EventType "tourn"]
[EventRounds "11"]
[EventCountry "TRI"]
[SourceTitle "EXT 2020"]
[Source "ChessBase"]
[SourceDate "2019.10.17"]
[SourceVersion "1"]
[SourceVersionDate "2019.10.17"]
[SourceQuality "1"]

1. d4 d5 2. Nf3 Nf6 3. e3 e6 4. Bd3 Be7 5. b3 0-0 6. Nbd2 c5 7. Bb2 cxd4 8. exd4 Nc6 9. 0-0 Qc7 10. a3 Nh5 11. Re1 Nf4 12. Bf1 Rd8 13. g3 Ng6 14. Bd3 Bf6 15. Nf1 Nge7 16. Ne3 Nf5 17. Ng4 Bxd4 18. Nxd4 Nfxd4 19. Bxd4 Nxd4 20. Bxh7+ Kxh7 21. Qxd4 Qe7 22. h4 f6 23. Qd3+ Kh8 24. Ne3 Qf7 25. Ng2 e5 26. f4 e4 1/2-1/2

[Event "Port of Spain op"]
[Site "Port of Spain"]
[Date "2017.09.02"]
[Round "9"]
[White "Mc Intosh, Isaiah"]
[Black "Harper, Ryan"]
[Result "1-0"]
[WhiteElo "2145"]
[BlackElo "2215"]
[PlyCount "139"]
[EventDate "2017.08.27"]
[EventType "swiss"]
[EventRounds "9"]
[EventCountry "TRI"]
[SourceTitle "CBM 180 Extra"]
[Source "ChessBase"]
[SourceDate "2017.10.06"]
[SourceVersion "1"]
[SourceVersionDate "2017.10.06"]
[SourceQuality "1"]

1. e4 c5 2. Nf3 e6 3. d4 cxd4 4. Nxd4 a6 5. Bd3 Bc5 6. Nb3 Be7 7. 0-0 d6 8. f4 Nd7 9. Qe2 Qc7 10. c4 Ngf6 11. Nc3 b6 12. Bd2 Bb7 13. Rae1 h5 14. Kh1 h4 15. Rf3 Kd8 16. Nd4 Nh5 17. b4 Kc8 18. Be3 Ndf6 19. Rc1 Ng4 20. Nd5 Qd8 21. Nxb6+ Kb8 22. Nxa8 Ng3+ 23. Rxg3 hxg3 24. Qxg4 Rxh2+ 25. Kg1 Qh8 26. Kf1 g5 27. Nf3 f5 28. exf5 exf5 29. Qxg3 Rh1+ 30. Ke2 Qb2+ 31. Rc2 Qa1 32. fxg5 Qd1+ 33. Kf2 Qxd3 34. Re2 Bxa8 35. Qf4 Be4 36. Nd2 Bc6 37. Ba7+ Kxa7 38. Rxe7+ Ka8 39. Qe3 Qxe3+ 40. Rxe3 f4 41. Re6 Kb7 42. Rxd6 Kc7 43. Rf6 Rd1 44. Nf3 Ra1 45. Rxf4 Rxa2+ 46. Kg3 Re2 47. g6 Re8 48. g7 Rg8 49. Rf7+ Kd6 50. Nd4 Be8 51. Ra7 Ke5 52. Nb3 Kf6 53. Nc5 Bf7 54. Ne4+ Kxg7 55. Kf4 Kf8 56. Ng5 Bg6 57. Rxa6 Bd3 58. Ra8+ Kg7 59. Rxg8+ Kxg8 60. c5 Kf8 61. Ke5 Ke7 62. Ne4 Be2 63. Nd6 Kd7 64. b5 Bg4 65. c6+ Kc7 66. Nc4 Bh5 67. Kd5 Bg4 68. b6+ Kb8 69. Ke4 Be2 70. Na5 1-0

[Event "Central America & Caribbean U18"]
[Site "Hotel Continental Panama"]
[Date "2017.08.10"]
[Round "1.10"]
[White "Morales, Danesh"]
[Black "Mc Intosh, Isaiah"]
[Result "1/2-1/2"]
[WhiteElo "1522"]
[BlackElo "2139"]
[PlyCount "43"]
[EventDate "2017.08.10"]
[EventType "swiss"]
[EventRounds "9"]
[EventCountry "PAN"]
[SourceTitle "EXT 2024"]
[Source "ChessBase"]
[SourceDate "2023.10.10"]
[SourceVersion "1"]
[SourceVersionDate "2023.10.10"]
[SourceQuality "1"]

1. Nf3 c5 2. c4 Nf6 3. Nc3 d5 4. e3 d4 5. exd4 cxd4 6. Ne2 Nc6 7. b4 e5 8. Qa4 Bd7 9. b5 Nb4 10. Ng3 d3 11. Nxe5 Qe7 12. Bb2 Nc2+ 13. Kd1 Nxa1 14. Bxa1 Ng4 15. Nxd3 Qg5 16. Ne4 Qg6 17. f3 Nf6 18. Ne5 Qf5 19. Nxf6+ gxf6 20. Nxd7 Qxd7 21. Bxf6 Rg8 22. Qc2 1/2-1/2

[Event "Pan American-ch U18"]
[Site "San Jose"]
[Date "2017.07.03"]
[Round "4"]
[White "Premkumar, Hiren"]
[Black "Mc Intosh, Isaiah"]
[Result "1-0"]
[WhiteElo "1911"]
[BlackElo "2166"]
[PlyCount "64"]
[EventDate "2017.07.01"]
[EventType "swiss"]
[EventRounds "9"]
[EventCountry "CRI"]
[SourceTitle "EXT 2022"]
[Source "ChessBase"]
[SourceDate "2021.10.06"]
[SourceVersion "1"]
[SourceVersionDate "2021.10.06"]
[SourceQuality "1"]

1. d4 Nf6 2. c4 c5 3. d5 b5 4. Qc2 Na6 5. a3 bxc4 6. e4 e6 7. Bxc4 Nc7 8. Nc3 Bb7 9. Bg5 exd5 10. exd5 Be7 11. Bxf6 Bxf6 12. Nge2 0-0 13. 0-0 d6 14. Rfd1 Rb8 15. b4 Be5 16. f4 Bf6 17. bxc5 dxc5 18. Rab1 Re8 19. Ne4 Qe7 20. N4g3 g6 21. Rb3 Red8 22. Ne4 Ne8 23. Rdb1 Nd6 24. Nxc5 Nxc4 25. Nxb7 Nxa3 26. d6 Nxc2 27. dxe7 Re8 28. Nd6 Rxb3 29. Rxb3 Rxe7 30. Rb8+ Kg7 31. Ne8+ Kh8 32. Nxf6+ Kg7 1-0

[Event "Port of Spain op"]
[Site "Port of Spain"]
[Date "2016.07.30"]
[Round "2"]
[White "Ramoutar, Alan Safar"]
[Black "Mc Intosh, Isaiah"]
[Result "1/2-1/2"]
[WhiteElo "1691"]
[BlackElo "1927"]
[PlyCount "40"]
[EventDate "2016.07.29"]
[EventType "swiss"]
[EventRounds "9"]
[EventCountry "TRI"]
[SourceTitle "EXT 2017"]
[Source "ChessBase"]
[SourceDate "2016.10.25"]
[SourceVersion "1"]
[SourceVersionDate "2016.10.25"]
[SourceQuality "1"]

1. e4 c5 2. Nc3 d6 3. f4 Nc6 4. Nf3 g6 5. Bb5 Bd7 6. Bxc6 Bxc6 7. d3 Bg7 8. 0-0 Nf6 9. Qe1 0-0 10. Qh4 b5 11. f5 Qb6 12. h3 c4+ 13. Kh1 b4 14. Ne2 b3 15. axb3 cxb3 16. cxb3 Bb5 17. Rd1 d5 18. Nc3 dxe4 19. dxe4 Rfd8 20. Bh6 Bxh6 1/2-1/2

[Event "De Verteuil Memorial 23rd"]
[Site "Port of Spain"]
[Date "2015.11.05"]
[Round "5"]
[White "Mc Intosh, Isaiah"]
[Black "Ali, Ian"]
[Result "1-0"]
[WhiteElo "1969"]
[BlackElo "1804"]
[PlyCount "73"]
[EventDate "2015.10.08"]
[EventType "swiss"]
[EventRounds "7"]
[EventCountry "TRI"]
[SourceTitle "CBM 169 Extra"]
[Source "ChessBase"]
[SourceDate "2015.12.18"]
[SourceVersion "1"]
[SourceVersionDate "2015.12.18"]
[SourceQuality "1"]

1. Nf3 Nf6 2. g3 b6 3. Bg2 Bb7 4. 0-0 c5 5. c4 e6 6. Nc3 d6 7. d4 Nbd7 8. d5 exd5 9. cxd5 Be7 10. Nh4 0-0 11. Nf5 a6 12. Bf4 Ne8 13. e4 f6 14. h4 Ne5 15. h5 Rf7 16. Bh3 Bf8 17. Kg2 Bc8 18. Rh1 Bxf5 19. Bxf5 Re7 20. Qe2 b5 21. Nd1 Nc7 22. Ne3 c4 23. Bxe5 fxe5 24. Qg4 Qe8 25. Rh3 h6 26. Bg6 Qd8 27. Nf5 Rd7 28. Rf1 Ne8 29. Bxe8 Qxe8 30. Nxh6+ Kh8 31. Nf5 Raa7 32. Nh4 Rac7 33. Ng6+ Kg8 34. f4 exf4 35. Rxf4 Rf7 36. h6 gxh6 37. Ne7+ 1-0

[Event "De Verteuil Memorial 23rd"]
[Site "Port of Spain"]
[Date "2015.10.29"]
[Round "4"]
[White "Harper, Ryan"]
[Black "Mc Intosh, Isaiah"]
[Result "1-0"]
[WhiteElo "2218"]
[BlackElo "1969"]
[PlyCount "69"]
[EventDate "2015.10.08"]
[EventType "swiss"]
[EventRounds "7"]
[EventCountry "TRI"]
[SourceTitle "CBM 169 Extra"]
[Source "ChessBase"]
[SourceDate "2015.12.18"]
[SourceVersion "1"]
[SourceVersionDate "2015.12.18"]
[SourceQuality "1"]

1. c4 Nf6 2. Nc3 c5 3. Nf3 g6 4. d4 cxd4 5. Nxd4 Bg7 6. e4 d6 7. Be2 Nc6 8. Nc2 0-0 9. 0-0 Nd7 10. Be3 Nc5 11. Qd2 Bxc3 12. Qxc3 Nxe4 13. Qe1 Be6 14. f3 Nf6 15. Nd4 Nxd4 16. Bxd4 Qd7 17. Qh4 Rfc8 18. b3 d5 19. c5 b6 20. cxb6 axb6 21. a4 Qd6 22. Rae1 Nd7 23. Bd3 Nc5 24. Bc2 f6 25. Qh6 Bf7 26. f4 Qd8 27. f5 Qf8 28. Qd2 g5 29. b4 Nxa4 30. Bxa4 Rxa4 31. Bxb6 Raa8 32. Bc5 Rc7 33. Re3 d4 34. Qxd4 Ra2 35. Rd1 1-0